| 000 | 00776nam a2200313Ia 4500 | ||
|---|---|---|---|
| 008 | 160525s9999||||xx |||||||||||||| ||und|| | ||
| 020 | _a81-208-1104-6 | ||
| 040 | _cEnglish | ||
| 082 | _aXV.G/Shankaracharya | ||
| 082 | _bBORI-74030 | ||
| 100 | _aGovind Chandra Pande | ||
| 245 | _aLife And Thought of Sankaracarya | ||
| 250 | _bFirst | ||
| 260 | _aDelhi | ||
| 260 | _bMotilal Banarsidas | ||
| 260 | _c1994 | ||
| 300 | _axv+380 | ||
| 300 | _cB | ||
| 300 | _eHardbound | ||
| 530 | _u00074030.pdf | ||
| 563 | _aRef | ||
| 600 | _aGovind Chandra Pande | ||
| 630 | _aLife And Thought of Sankaracarya | ||
| 650 | _aBiography | ||
| 650 | _aReference | ||
| 700 | _aGovind Chandra Pande | ||
| 730 | _aLife And Thought of Sankaracarya | ||
| 942 | _cBOOK | ||
| 999 |
_c1382988 _d1382985 |
||